[Event "VIE-ch"]
[Site "Hanoi"]
[Date "2024.03.15"]
[Round "8"]
[White "Le, Huu Thai"]
[Black "Nguyen, Dinh Trung"]
[Result "1/2-1/2"]
[WhiteElo "2174"]
[BlackElo "1947"]
[PlyCount "80"]
[EventDate "2024.03.11"]
[EventType "swiss"]
[EventRounds "9"]
[EventCountry "VIE"]
[SourceTitle "CB13_2024"]
[SourceDate "2024.03.27"]
[SourceVersion "1"]
[SourceVersionDate "2024.03.27"]
[SourceQuality "1"]

1. d4 Nf6 2. c4 g6 3. Nc3 Bg7 4. e4 d6 5. Bd3 0-0 6. Nge2 e5 7. d5 Na6 8. 0-0 Nc5 9. Bc2 a5 10. Bg5 h6 11. Bd2 Nh5 12. a3 f5 13. exf5 Bxf5 14. Be3 b6 15. Qd2 Kh7 16. b4 Nd7 17. Ba4 axb4 18. axb4 Qh4 19. Bb5 Ndf6 20. f3 Bd7 21. Bf2 Qg5 22. Qxg5 hxg5 23. Bxd7 Nxd7 24. Ne4 Bh6 25. N2c3 Ndf6 26. Nxf6+ Nxf6 27. Nb5 Rac8 28. Ra7 Kg8 29. Rxc7 Rxc7 30. Nxc7 g4 31. Ra1 gxf3 32. gxf3 Bd2 33. Ra4 e4 34. Ne6 e3 35. Bh4 Rc8 36. Kf1 g5 37. Bxg5 e2+ 38. Kxe2 Bxg5 39. Nxg5 Rxc4 40. Kd3 b5 1/2-1/2

[Event "VIE-ch"]
[Site "Hanoi"]
[Date "2024.03.11"]
[Round "2"]
[White "Le, Huu Thai"]
[Black "Tran, Tuan Minh"]
[Result "0-1"]
[WhiteElo "2174"]
[BlackElo "2465"]
[PlyCount "160"]
[EventDate "2024.03.11"]
[EventType "swiss"]
[EventRounds "9"]
[EventCountry "VIE"]
[SourceTitle "CB13_2024"]
[SourceDate "2024.03.27"]
[SourceVersion "1"]
[SourceVersionDate "2024.03.27"]
[SourceQuality "1"]

1. d4 Nf6 2. Nf3 b6 3. Bf4 Bb7 4. e3 g6 5. Be2 d6 6. h3 Bg7 7. 0-0 0-0 8. a4 Nc6 9. Nbd2 Nd7 10. Nc4 a6 11. c3 e6 12. Bg5 Ne7 13. Nfd2 h6 14. Bh4 g5 15. Bg3 Nf5 16. Bh2 Nh4 17. Nf3 Ng6 18. Nfd2 f5 19. Bf3 Bxf3 20. Qxf3 Nf6 21. Qe2 Qe8 22. f3 Rd8 23. Nb3 Qc6 24. Nc1 Rde8 25. Nd2 Qb7 26. Qd3 Qc8 27. Ne2 e5 28. Ng3 Nh4 29. Rae1 Kh8 30. Kh1 f4 31. dxe5 dxe5 32. Nge4 Rd8 33. Qb1 Nh5 34. Rf2 Qd7 35. Qc2 Qc6 36. Nf1 Rd7 37. Rd1 Rdf7 38. Rd3 Rg8 39. Qd1 Nf5 40. Rfd2 Qg6 41. Rd8 Bf8 42. R2d7 Nf6 43. Nxf6 Qxf6 44. Qd3 Rxd7 45. Rxd7 Bd6 46. g4 fxg3 47. Nxg3 Nxg3+ 48. Bxg3 Rg7 49. Rxg7 Qxf3+ 50. Kh2 Kxg7 51. Qd2 Qe4 52. Qe2 Qxa4 53. e4 a5 54. h4 Qe8 55. Qg4 Qe7 56. Bf2 Kf8 57. Be3 Qh7 58. hxg5 hxg5+ 59. Kg2 Be7 60. Kf3 Qf7+ 61. Ke2 Ke8 62. Kd2 Qg6 63. Kc2 Kd8 64. Bd2 a4 65. Bc1 Qg8 66. Kb1 Qg6 67. Kc2 c6 68. Be3 Kc7 69. Kc1 Qf7 70. Qg1 Qb3 71. Qh2 Qe6 72. Qg1 Kb7 73. Bxg5 a3 74. bxa3 Qa2 75. Qe3 Bxa3+ 76. Kd1 Qb1+ 77. Ke2 Qc2+ 78. Kf3 Bb2 79. Kg4 Bxc3 80. Kf5 Bd4 0-1

[Event "VIE-ch"]
[Site "Hanoi"]
[Date "2024.03.11"]
[Round "1"]
[White "Nguyen, Minh1"]
[Black "Le, Huu Thai"]
[Result "0-1"]
[WhiteElo "1649"]
[BlackElo "2174"]
[PlyCount "72"]
[EventDate "2024.03.11"]
[EventType "swiss"]
[EventRounds "9"]
[EventCountry "VIE"]
[SourceTitle "CB13_2024"]
[SourceDate "2024.03.27"]
[SourceVersion "1"]
[SourceVersionDate "2024.03.27"]
[SourceQuality "1"]

1. d4 d5 2. c4 e6 3. Nf3 a6 4. a4 Nc6 5. Nc3 dxc4 6. e4 Na5 7. Be3 c6 8. Be2 Nf6 9. 0-0 Be7 10. Nd2 b5 11. axb5 axb5 12. f4 0-0 13. Bf3 Ba6 14. Rf2 b4 15. Ne2 Qb6 16. g4 c5 17. g5 Nd7 18. d5 exd5 19. exd5 Bd6 20. Ne4 Nb3 21. Rb1 Rfe8 22. N2g3 Bf8 23. h4 Nd4 24. Bxd4 cxd4 25. h5 d3 26. h6 Nc5 27. hxg7 Bxg7 28. Kg2 Bb7 29. Nd2 Qa6 30. Rc1 c3 31. bxc3 bxc3 32. Qh1 Bd4 33. Nde4 Nxe4 34. Nxe4 d2 35. Rb1 c2 36. Rxb7 c1Q 0-1

[Event "VIE-ch"]
[Site "Ha Tien"]
[Date "2023.09.17"]
[Round "9"]
[White "Le, Minh Hoang"]
[Black "Le, Huu Thai"]
[Result "1/2-1/2"]
[WhiteElo "2240"]
[BlackElo "2194"]
[PlyCount "104"]
[EventDate "2023.09.13"]
[EventType "swiss"]
[EventRounds "9"]
[EventCountry "VIE"]
[SourceTitle "EXT 2024"]
[Source "ChessBase"]
[SourceDate "2023.10.10"]
[SourceVersion "1"]
[SourceVersionDate "2023.10.10"]
[SourceQuality "1"]

1. e4 e5 2. Nf3 Nc6 3. Nc3 Nf6 4. Bb5 Bb4 5. Nd5 Ba5 6. 0-0 0-0 7. d3 h6 8. c3 a6 9. Bc4 b5 10. Nxf6+ Qxf6 11. Bd5 Bb7 12. b4 Bb6 13. a4 Rab8 14. axb5 axb5 15. Be3 Ne7 16. Bxb6 cxb6 17. Bxb7 Rxb7 18. d4 Ng6 19. dxe5 Nxe5 20. Nxe5 Qxe5 21. Qd4 Qxd4 22. cxd4 Rc8 23. Rfc1 Rc4 24. Rxc4 bxc4 25. b5 Rc7 26. f3 c3 27. Kf2 c2 28. Rc1 Kf8 29. Ke2 Rc3 30. Kd2 Rb3 31. Rxc2 Ke7 32. h4 h5 33. Rc3 Rxb5 34. Ke3 Rb2 35. g3 f6 36. Rc8 Rb3+ 37. Kf4 g5+ 38. hxg5 fxg5+ 39. Ke5 Rxf3 40. Rh8 h4 41. gxh4 gxh4 42. Rxh4 Kd8 43. Rh2 Rc3 44. d5 Kc7 45. Rh8 Rg3 46. d6+ Kb7 47. Rd8 Rg7 48. Kd5 Rg5+ 49. e5 Rg7 50. Ke4 Rh7 51. Kd4 Rh4+ 52. Kd5 Rh7 1/2-1/2

[Event "VIE-ch"]
[Site "Ha Tien"]
[Date "2023.09.16"]
[Round "7"]
[White "Tran, Quoc Phu"]
[Black "Le, Huu Thai"]
[Result "1/2-1/2"]
[WhiteElo "1821"]
[BlackElo "2194"]
[PlyCount "116"]
[EventDate "2023.09.13"]
[EventType "swiss"]
[EventRounds "9"]
[EventCountry "VIE"]
[SourceTitle "EXT 2024"]
[Source "ChessBase"]
[SourceDate "2023.10.10"]
[SourceVersion "1"]
[SourceVersionDate "2023.10.10"]
[SourceQuality "1"]

1. d4 d5 2. c4 e6 3. Nf3 Nf6 4. g3 Bb4+ 5. Bd2 Be7 6. Bg2 0-0 7. 0-0 Nbd7 8. b3 c6 9. Nc3 b6 10. Qc2 Ba6 11. Na4 Rc8 12. cxd5 cxd5 13. Qd1 Ne4 14. Ne1 Nxd2 15. Qxd2 Qc7 16. Nd3 Qc2 17. Rfd1 Qxd2 18. Rxd2 Bxd3 19. Rxd3 Rc2 20. Rc3 Rc8 21. Rxc8+ Rxc8 22. e4 dxe4 23. Bxe4 Nf6 24. Bd3 Rd8 25. Rd1 Kf8 26. Bc4 Bb4 27. Kg2 Ke7 28. Kf3 Ne8 29. Ke3 Nd6 30. Bd3 b5 31. Nc5 Nf5+ 32. Bxf5 Bxc5 33. Bg4 Bb6 34. Be2 b4 35. f4 h6 36. h4 f6 37. h5 e5 38. fxe5 fxe5 39. Ke4 exd4 40. Bc4 Kd6 41. Kf5 Re8 42. Kg6 Re5 43. Kxg7 Rxh5 44. Kf6 Rh2 45. Kg6 Kc5 46. g4 Bd8 47. Re1 Bg5 48. Re5+ Kc6 49. Ra5 Rh3 50. Rd5 Be3 51. Kf6 Bf2 52. Ke6 Be3 53. Kf6 Bf2 54. Ke6 Re3+ 55. Re5 Rc3 56. Rd5 Re3+ 57. Re5 Rg3 58. Rd5 Re3+ 1/2-1/2

[Event "VIE-ch"]
[Site "Ha Tien"]
[Date "2023.09.14"]
[Round "3"]
[White "Huynh, Le Minh Hoang"]
[Black "Le, Huu Thai"]
[Result "1/2-1/2"]
[WhiteElo "1584"]
[BlackElo "2194"]
[PlyCount "75"]
[EventDate "2023.09.13"]
[EventType "swiss"]
[EventRounds "9"]
[EventCountry "VIE"]
[SourceTitle "EXT 2024"]
[Source "ChessBase"]
[SourceDate "2023.10.10"]
[SourceVersion "1"]
[SourceVersionDate "2023.10.10"]
[SourceQuality "1"]

1. e4 e5 2. Nf3 Nc6 3. Nc3 Nf6 4. d4 exd4 5. Nxd4 Bb4 6. Nxc6 bxc6 7. Bd3 d5 8. exd5 cxd5 9. 0-0 0-0 10. Bg5 c6 11. Qf3 Be7 12. h3 Nd7 13. Bxe7 Qxe7 14. Rfe1 Qg5 15. Qf5 Qh6 16. Ne2 Rb8 17. b3 Rb4 18. Ng3 g6 19. Qf3 Qg5 20. Qe3 Qxe3 21. Rxe3 Nc5 22. Re7 Bd7 23. Ne2 Rd8 24. c3 Rb6 25. Bc2 Kf8 26. Re3 a5 27. Nd4 Ne6 28. Nxe6+ Bxe6 29. Bd3 Ke7 30. f4 Kf6 31. f5 gxf5 32. Rf1 d4 33. cxd4 Rxd4 34. Ref3 Ke7 35. Bc4 Bxc4 36. bxc4 Rxc4 37. Rxf5 Kd6 38. Rf6+ 1/2-1/2

[Event "VIE-ch"]
[Site "Vung Tau"]
[Date "2023.03.05"]
[Round "4"]
[White "Le, Huu Thai"]
[Black "Tran, Nguyen Dang Khoa"]
[Result "1-0"]
[WhiteElo "2215"]
[BlackElo "1998"]
[PlyCount "53"]
[EventDate "2023.03.03"]
[EventType "swiss"]
[EventRounds "9"]
[EventCountry "VIE"]
[SourceTitle "EXT 2024"]
[Source "ChessBase"]
[SourceDate "2023.10.10"]
[SourceVersion "1"]
[SourceVersionDate "2023.10.10"]
[SourceQuality "1"]

1. d4 Nf6 2. c4 e5 3. dxe5 Ng4 4. e3 Nxe5 5. f4 Ng6 6. Nf3 Nc6 7. a3 a5 8. Nc3 Bc5 9. Bd3 d6 10. Ng5 Nce5 11. Be2 0-0 12. h4 h6 13. Nge4 Nd7 14. h5 Ne7 15. g4 f5 16. gxf5 Nxf5 17. Qd3 Nf6 18. Bd2 Re8 19. 0-0-0 Nxe4 20. Nxe4 Rxe4 21. Qxe4 Bd7 22. Bd3 Qf6 23. Qxb7 Re8 24. e4 Ne3 25. Rde1 Ng4 26. e5 dxe5 27. Qd5+ 1-0

[Event "VIE-ch"]
[Site "Vung Tau"]
[Date "2023.03.03"]
[Round "2"]
[White "Le, Huu Thai"]
[Black "Nguyen, Xuan Vinh"]
[Result "1/2-1/2"]
[WhiteElo "2215"]
[BlackElo "1996"]
[PlyCount "28"]
[EventDate "2023.03.03"]
[EventType "swiss"]
[EventRounds "9"]
[EventCountry "VIE"]
[SourceTitle "EXT 2024"]
[Source "ChessBase"]
[SourceDate "2023.10.10"]
[SourceVersion "1"]
[SourceVersionDate "2023.10.10"]
[SourceQuality "1"]

1. d4 d5 2. c4 c6 3. Nf3 Nf6 4. Qc2 g6 5. e3 Bg7 6. Bd3 0-0 7. 0-0 b6 8. b3 Bb7 9. Bb2 Na6 10. Bc3 c5 11. Nbd2 Nb4 12. Bxb4 cxb4 13. a3 a5 14. axb4 axb4 1/2-1/2

[Event "Hanoi op"]
[Site "Hanoi"]
[Date "2022.08.26"]
[Round "6"]
[White "Le, Huu Thai"]
[Black "Dao, Minh Nhat"]
[Result "0-1"]
[WhiteElo "2215"]
[BlackElo "2269"]
[PlyCount "100"]
[EventDate "2022.08.20"]
[EventType "swiss"]
[EventRounds "9"]
[EventCountry "VIE"]
[SourceTitle "CBM 209 Extra"]
[Source "ChessBase"]
[SourceDate "2022.09.30"]
[SourceVersion "1"]
[SourceVersionDate "2022.09.30"]
[SourceQuality "1"]

1. d4 d5 2. c4 Nf6 3. Nf3 g6 4. Nc3 Bg7 5. Bg5 0-0 6. e3 c5 7. Bxf6 Bxf6 8. Nxd5 Bg7 9. Nc3 cxd4 10. Nxd4 Nc6 11. Nb3 a5 12. Na4 Qc7 13. Be2 Bf5 14. 0-0 Nb4 15. Nc3 Rfd8 16. Nd4 Qc5 17. Qb3 Bxd4 18. exd4 Qxd4 19. Rac1 Qe5 20. a3 Nc6 21. Rfe1 Nd4 22. Qb6 e6 23. c5 Rac8 24. c6 bxc6 25. Ba6 Qb8 26. Na4 Qxb6 27. Nxb6 Rb8 28. Na4 Bc2 29. Nc5 Rxb2 30. Re3 Rd5 31. Rc3 Kf8 32. Kf1 Ke7 33. f3 Kd6 34. Nd3 Bxd3+ 35. Bxd3 Rg5 36. Bc2 Rxc2 37. R1xc2 Nxc2 38. Rxc2 Rc5 39. Rd2+ Kc7 40. Rd3 Rc2 41. h4 h5 42. Kg1 c5 43. Kh2 a4 44. Kg3 Rb2 45. Kf4 Rxg2 46. Ke5 g5 47. Kf6 gxh4 48. Kxf7 e5 49. Ke6 h3 50. f4 h2 0-1

[Event "Hanoi op"]
[Site "Hanoi"]
[Date "2022.08.25"]
[Round "5"]
[White "Le, Huu Thai"]
[Black "Doan, Phan Khiem"]
[Result "1/2-1/2"]
[WhiteElo "2215"]
[BlackElo "1606"]
[PlyCount "90"]
[EventDate "2022.08.20"]
[EventType "swiss"]
[EventRounds "9"]
[EventCountry "VIE"]
[SourceTitle "CBM 209 Extra"]
[Source "ChessBase"]
[SourceDate "2022.09.30"]
[SourceVersion "1"]
[SourceVersionDate "2022.09.30"]
[SourceQuality "1"]

1. d4 Nf6 2. c4 g6 3. Nc3 c5 4. d5 d6 5. e4 Bg7 6. Bd3 0-0 7. Nge2 e5 8. h3 a6 9. a4 Nh5 10. g4 Nf4 11. Nxf4 exf4 12. Bxf4 Re8 13. Kf1 Nd7 14. Bg3 Be5 15. Rg1 Qf6 16. Qd2 g5 17. Ra3 Qh6 18. Kg2 Nf8 19. h4 Bxg3 20. fxg3 Bxg4 21. Qxg5+ Qxg5 22. hxg5 Rad8 23. Rb3 Bc8 24. e5 Rxe5 25. Ne4 Kg7 26. Rf1 b5 27. axb5 axb5 28. Rxb5 Ba6 29. Rb6 Bxc4 30. Bxc4 Rxe4 31. b3 Re5 32. Rf6 Rxg5 33. Rbxd6 Re8 34. Rf2 Ng6 35. Rd7 Nh4+ 36. Kh3 Nf5 37. d6 Rf8 38. g4 Nh6 39. Re7 Rxg4 40. Bxf7 Kh8 41. Rf6 Rd4 42. Rxh6 Kg7 43. Rh5 Rxf7 44. Rxh7+ Kxh7 45. Rxf7+ Kg6 1/2-1/2

[Event "Hanoi op"]
[Site "Hanoi"]
[Date "2022.08.23"]
[Round "3"]
[White "Dang, Hoang Son"]
[Black "Le, Huu Thai"]
[Result "0-1"]
[WhiteElo "2360"]
[BlackElo "2215"]
[PlyCount "70"]
[EventDate "2022.08.20"]
[EventType "swiss"]
[EventRounds "9"]
[EventCountry "VIE"]
[SourceTitle "CBM 209 Extra"]
[Source "ChessBase"]
[SourceDate "2022.09.30"]
[SourceVersion "1"]
[SourceVersionDate "2022.09.30"]
[SourceQuality "1"]

1. e4 e5 2. Nf3 Nc6 3. Bc4 Bc5 4. c3 Nf6 5. d3 a6 6. b4 Ba7 7. 0-0 0-0 8. Bg5 d6 9. Nbd2 Be6 10. a4 Qe7 11. Kh1 Rfe8 12. b5 Nb8 13. h3 axb5 14. axb5 Nbd7 15. Qe2 h6 16. Be3 Bxe3 17. fxe3 Bxc4 18. Nxc4 d5 19. exd5 Nxd5 20. Qd2 e4 21. Nd4 Rxa1 22. Rxa1 Nc5 23. Nb2 exd3 24. Nxd3 Ne4 25. Qe1 Nexc3 26. Qf2 Qg5 27. Rf1 f6 28. Nf5 Kh8 29. Qc2 g6 30. Nd4 Nxe3 31. Re1 Nxc2 32. Rxe8+ Kg7 33. Nxc2 Qxb5 34. Rd8 Ne2 35. Kh2 Qb6 0-1

[Event "VIE-chT"]
[Site "Hanoi"]
[Date "2022.03.31"]
[Round "6.2"]
[White "Le, Huu Thai"]
[Black "Cao, Sang"]
[Result "1/2-1/2"]
[WhiteElo "2248"]
[BlackElo "2401"]
[PlyCount "32"]
[EventDate "2022.03.28"]
[EventType "swiss"]
[EventRounds "9"]
[EventCountry "VIE"]
[SourceTitle "EXT 2023"]
[Source "ChessBase"]
[SourceDate "2022.10.05"]
[SourceVersion "1"]
[SourceVersionDate "2022.10.05"]
[SourceQuality "1"]

1. d4 Nf6 2. c4 e6 3. g3 c5 4. d5 exd5 5. cxd5 b5 6. Bg2 d6 7. e4 Nbd7 8. Ne2 g6 9. 0-0 Bg7 10. a4 b4 11. Qc2 0-0 12. Nd2 Ba6 13. Nc4 Nb6 14. Ne3 Re8 15. a5 b3 16. Qd1 Nc4 1/2-1/2

[Event "VIE-chT"]
[Site "Hanoi"]
[Date "2022.03.28"]
[Round "2.15"]
[White "Le, Huu Thai"]
[Black "Nguyen, Quang Trung"]
[Result "1-0"]
[WhiteElo "2248"]
[BlackElo "1797"]
[PlyCount "85"]
[EventDate "2022.03.28"]
[EventType "swiss"]
[EventRounds "9"]
[EventCountry "VIE"]
[SourceTitle "EXT 2023"]
[Source "ChessBase"]
[SourceDate "2022.10.05"]
[SourceVersion "1"]
[SourceVersionDate "2022.10.05"]
[SourceQuality "1"]

1. d4 Nf6 2. c4 e6 3. g3 Be7 4. Bg2 0-0 5. e4 d6 6. Ne2 c5 7. d5 exd5 8. exd5 Re8 9. Nbc3 Bf5 10. h3 Bf8 11. g4 Bg6 12. 0-0 Ne4 13. Bxe4 Bxe4 14. Ng3 Bg6 15. f4 f6 16. f5 Bf7 17. Nce2 Nd7 18. Nf4 Ne5 19. b3 a6 20. Ne6 Qd7 21. Bf4 b5 22. Qc2 bxc4 23. bxc4 Reb8 24. Bxe5 fxe5 25. Ne4 Rb4 26. a3 Rb6 27. Rab1 Rab8 28. Nc3 Be7 29. Rxb6 Rxb6 30. Rb1 Qb7 31. Rxb6 Qxb6 32. Qb1 Qxb1+ 33. Nxb1 g6 34. Kf2 gxf5 35. gxf5 Bh5 36. Nc3 Kf7 37. Ne4 Bd1 38. f6 Bxf6 39. Nxd6+ Ke7 40. Nf5+ Kd7 41. Nxc5+ Kc7 42. Ne6+ Kb6 43. c5+ 1-0

[Event "VIE-ch"]
[Site "Ho Chi Minh City"]
[Date "2021.03.26"]
[Round "4"]
[White "Le, Huu Thai"]
[Black "Nguyen, Lam Thien"]
[Result "1/2-1/2"]
[WhiteElo "2267"]
[BlackElo "2081"]
[PlyCount "140"]
[EventDate "2021.03.24"]
[EventType "swiss"]
[EventRounds "9"]
[EventCountry "VIE"]
[SourceTitle "EXT 2022"]
[Source "ChessBase"]
[SourceDate "2021.10.06"]
[SourceVersion "1"]
[SourceVersionDate "2021.10.06"]
[SourceQuality "1"]

1. d4 d5 2. c4 e6 3. Nf3 Nf6 4. g3 dxc4 5. Bg2 Nc6 6. 0-0 Rb8 7. Re1 Bb4 8. Nc3 0-0 9. e4 b5 10. Bg5 h6 11. Bf4 Re8 12. Qd2 Bf8 13. a3 Bd7 14. Rad1 a5 15. d5 exd5 16. e5 Ne4 17. Nxe4 dxe4 18. Qxd7 Qxd7 19. Rxd7 exf3 20. Bxf3 Nd8 21. Bd2 a4 22. Ba5 Ne6 23. Bc6 b4 24. Rd2 bxa3 25. bxa3 Red8 26. Red1 Rxd2 27. Rxd2 Bxa3 28. Ra2 Bb2 29. Rxa4 c3 30. Rc4 Rd8 31. Bf3 Rd4 32. Rc6 Rd3 33. Be4 Rd1+ 34. Kg2 Re1 35. f3 Re2+ 36. Kf1 Rxh2 37. Bxc3 Bxc3 38. Rxc3 Rd2 39. f4 g6 40. Ke1 Rd4 41. Bd3 Rd5 42. Ke2 h5 43. Ke3 Kf8 44. Ra3 Rc5 45. Rb3 Ke7 46. Be2 Rc2 47. Bf3 Ra2 48. Rd3 Rc2 49. Ra3 Rb2 50. Bd5 Rb5 51. Bc4 Rc5 52. Kd3 Rc6 53. Bd5 Rc1 54. Ke3 Rg1 55. Kf2 Rd1 56. Bf3 Rd4 57. Rc3 h4 58. Bg4 hxg3+ 59. Kxg3 Nxf4 60. Rxc7+ Kf8 61. Bc8 Nh5+ 62. Kf3 Ng7 63. Ra7 Rd1 64. Bg4 Rd4 65. Ra8+ Ne8 66. Rb8 Ke7 67. Rb7+ Kf8 68. Rb8 g5 69. Bh5 Rh4 70. Bg4 Ke7 1/2-1/2

[Event "VIE Cup"]
[Site "Hanoi"]
[Date "2021.??.??"]
[Round "2"]
[White "Le, Huu Thai"]
[Black "Duong, Thien Chuong"]
[Result "1-0"]
[WhiteElo "2248"]
[BlackElo "1971"]
[PlyCount "91"]
[EventDate "2021.05.03"]
[EventType "swiss"]
[EventRounds "9"]
[EventCountry "VIE"]
[SourceTitle "EXT 2022"]
[Source "ChessBase"]
[SourceDate "2021.10.06"]
[SourceVersion "1"]
[SourceVersionDate "2021.10.06"]
[SourceQuality "1"]

1. d4 Nf6 2. c4 e6 3. g3 d5 4. Nf3 Be7 5. Bg2 0-0 6. 0-0 c6 7. Nbd2 Nbd7 8. Qc2 b6 9. e4 Bb7 10. e5 Ne8 11. cxd5 cxd5 12. Qb3 a5 13. a4 Nc7 14. Rd1 Na6 15. Nb1 Nb4 16. Nc3 Ba6 17. Nb5 Bxb5 18. axb5 Qc7 19. Bd2 Rfc8 20. Rdc1 Qd8 21. Rc3 Ra7 22. Bf1 h6 23. Qd1 Rac7 24. Ne1 Nf8 25. Qg4 Bg5 26. f4 f5 27. Qh5 Be7 28. Kh1 Kh7 29. Be2 g6 30. Qh3 Qd7 31. g4 fxg4 32. Qxg4 Bd8 33. Qh3 Qf7 34. Rac1 Na2 35. Rxc7 Rxc7 36. Rc6 Nb4 37. Rxb6 Rc8 38. Rd6 Be7 39. Bxb4 Bxd6 40. Bxd6 Rc1 41. Qg3 Qf5 42. Bd3 Rxe1+ 43. Qxe1 Qxd3 44. Bxf8 Qxb5 45. Qc1 g5 46. Qb1+ 1-0

[Event "VIE Cup"]
[Site "Hanoi"]
[Date "2021.??.??"]
[Round "5"]
[White "Nguyen, Hoang Nam2222"]
[Black "Le, Huu Thai"]
[Result "1/2-1/2"]
[WhiteElo "2136"]
[BlackElo "2248"]
[PlyCount "29"]
[EventDate "2021.05.03"]
[EventType "swiss"]
[EventRounds "9"]
[EventCountry "VIE"]
[SourceTitle "EXT 2022"]
[Source "ChessBase"]
[SourceDate "2021.10.06"]
[SourceVersion "1"]
[SourceVersionDate "2021.10.06"]
[SourceQuality "1"]

1. d4 Nf6 2. c4 e6 3. Nf3 d5 4. Nc3 a6 5. cxd5 exd5 6. Bg5 Be6 7. e3 Nbd7 8. Bd3 Bd6 9. 0-0 0-0 10. Rc1 h6 11. Bh4 c6 12. Bg3 Bxg3 13. hxg3 Re8 14. b4 Qe7 15. Qb3 1/2-1/2

[Event "VIE-ch"]
[Site "Hanoi"]
[Date "2020.10.06"]
[Round "3"]
[White "Le, Huu Thai"]
[Black "Nguyen, Van Huy"]
[Result "1/2-1/2"]
[WhiteElo "2237"]
[BlackElo "2444"]
[PlyCount "95"]
[EventDate "2020.10.05"]
[EventType "swiss"]
[EventRounds "9"]
[EventCountry "VIE"]
[SourceTitle "EXT 2022"]
[Source "ChessBase"]
[SourceDate "2021.10.06"]
[SourceVersion "1"]
[SourceVersionDate "2021.10.06"]
[SourceQuality "1"]

1. d4 Nf6 2. c4 e6 3. g3 d5 4. Nf3 Bb4+ 5. Bd2 Be7 6. Bg2 0-0 7. 0-0 c6 8. Qc2 b6 9. Rd1 Ba6 10. Ne5 Nfd7 11. cxd5 cxd5 12. Nd3 Bb7 13. Bb4 Nc6 14. Bxe7 Qxe7 15. e3 Rac8 16. Nc3 Ba6 17. Nf4 Nf6 18. Rac1 Na5 19. Bf1 Bxf1 20. Kxf1 Qb7 21. Qe2 Rc6 22. b3 Rfc8 23. Qd3 R8c7 24. Nfe2 Qc8 25. Qb1 a6 26. f3 g5 27. g4 b5 28. Qb2 Nb7 29. Qd2 h6 30. Nb1 Kg7 31. Rxc6 Rxc6 32. Rc1 a5 33. Nbc3 Nd6 34. Nd1 b4 35. Nf2 Rxc1+ 36. Nxc1 Qc7 37. Kg2 Nc8 38. Ncd3 Ne7 39. Qc1 Qxc1 40. Nxc1 Nd7 41. Ncd3 f6 42. Nd1 Nc6 43. N1b2 Kf7 44. Na4 Ke7 45. Nac5 Nxc5 46. Nxc5 Kd6 47. Nb7+ Kc7 48. Nc5 1/2-1/2

[Event "VIE-ch"]
[Site "Hanoi"]
[Date "2020.10.06"]
[Round "2"]
[White "Nguyen, Lam Thien"]
[Black "Le, Huu Thai"]
[Result "0-1"]
[WhiteElo "1981"]
[BlackElo "2237"]
[PlyCount "54"]
[EventDate "2020.10.05"]
[EventType "swiss"]
[EventRounds "9"]
[EventCountry "VIE"]
[SourceTitle "EXT 2022"]
[Source "ChessBase"]
[SourceDate "2021.10.06"]
[SourceVersion "1"]
[SourceVersionDate "2021.10.06"]
[SourceQuality "1"]

1. e4 e5 2. Nf3 Nc6 3. Bb5 Nf6 4. 0-0 Nxe4 5. d4 Nd6 6. dxe5 Nxb5 7. a4 Nbd4 8. Nxd4 d5 9. exd6 Bxd6 10. Re1+ Be7 11. Bg5 f6 12. Bxf6 gxf6 13. Qh5+ Kf8 14. Qh6+ Kg8 15. Nxc6 bxc6 16. Nc3 Qf8 17. Qf4 Bd6 18. Qc4+ Kg7 19. Qxc6 Bf5 20. Nb5 Rg8 21. Rad1 Kh8 22. Nxd6 cxd6 23. Qxd6 Bxc2 24. Qxf8 Rgxf8 25. Rd4 Rfe8 26. Rxe8+ Rxe8 27. f3 Re7 0-1

[Event "VIE-chT"]
[Site "Bac Giang"]
[Date "2020.06.10"]
[Round "7.8"]
[White "Tong, Thai Hung"]
[Black "Le, Huu Thai"]
[Result "1/2-1/2"]
[WhiteElo "2190"]
[BlackElo "2237"]
[PlyCount "98"]
[EventDate "2020.06.06"]
[EventType "swiss"]
[EventRounds "9"]
[EventCountry "VIE"]
[SourceTitle "CBM 197 Extra"]
[Source "ChessBase"]
[SourceDate "2020.09.30"]
[SourceVersion "1"]
[SourceVersionDate "2020.09.30"]
[SourceQuality "1"]

1. e4 c5 2. Nf3 Nc6 3. d4 cxd4 4. Nxd4 Nf6 5. Nc3 e5 6. Ndb5 d6 7. Bg5 a6 8. Na3 Be6 9. Nc4 Bxc4 10. Bxc4 Be7 11. Bxf6 Bxf6 12. Nd5 0-0 13. c3 g6 14. Qf3 Bg7 15. h4 b5 16. Bb3 h6 17. Ne3 Qf6 18. Qe2 Rac8 19. Rd1 Kh7 20. g4 Qe7 21. Rd2 Nd8 22. a4 bxa4 23. Qxa6 Nb7 24. Nd5 Qd7 25. Bxa4 Qxg4 26. Qe2 Qg2 27. Rf1 Nc5 28. Bc2 Qh3 29. b4 Ne6 30. Qd3 Qxh4 31. Qg3 Qd8 32. Rh1 h5 33. Rd3 Bh6 34. Bd1 Qg5 35. Bxh5 gxh5 36. Rxh5 Qg6 37. Qh4 Ng5 38. Ne7 Qxe4+ 39. Qxe4+ Nxe4 40. Nxc8 Rxc8 41. Rdh3 Kg7 42. Rxh6 Ng5 43. R3h5 f6 44. Kd2 Ne4+ 45. Kd3 d5 46. Rh7+ Kg6 47. R5h6+ Kg5 48. Rh5+ Kg6 49. R5h6+ Kg5 1/2-1/2

[Event "VIE-chT"]
[Site "Bac Giang"]
[Date "2020.06.10"]
[Round "8.5"]
[White "Tran, Minh Thang"]
[Black "Le, Huu Thai"]
[Result "0-1"]
[WhiteElo "2335"]
[BlackElo "2237"]
[PlyCount "122"]
[EventDate "2020.06.06"]
[EventType "swiss"]
[EventRounds "9"]
[EventCountry "VIE"]
[SourceTitle "CBM 197 Extra"]
[Source "ChessBase"]
[SourceDate "2020.09.30"]
[SourceVersion "1"]
[SourceVersionDate "2020.09.30"]
[SourceQuality "1"]

1. d4 Nf6 2. c4 e6 3. Nc3 d5 4. Bg5 a6 5. e3 Be7 6. Bd3 Nbd7 7. cxd5 exd5 8. Rc1 c6 9. Nge2 Nh5 10. Bxe7 Qxe7 11. 0-0 Ndf6 12. a3 0-0 13. Qc2 g6 14. Na4 Ng7 15. Qc5 Qd8 16. b4 Bf5 17. Nf4 Bxd3 18. Nxd3 Ne4 19. Qc2 Nf5 20. Nac5 Ned6 21. Qc3 Re8 22. a4 Rc8 23. Ne5 Nh4 24. Kh1 Qg5 25. g3 Nhf5 26. Rce1 Re7 27. Qd3 Rce8 28. g4 Ng7 29. f4 Qh4 30. Rg1 f6 31. Nf3 Qf2 32. Rgf1 Qb2 33. g5 Ngf5 34. gxf6 Rxe3 35. Qd1 Qxb4 36. Ne5 Rxe1 37. Rxe1 Qxd4 38. Qxd4 Nxd4 39. Nxb7 Nf7 40. Rb1 Nf5 41. Nc5 Nxe5 42. fxe5 Rxe5 43. Rb8+ Kf7 44. Rb7+ Kxf6 45. Nd7+ Ke6 46. Nxe5 Kxe5 47. Rb6 d4 48. Kg2 d3 49. Kf2 Ke4 50. Rxa6 Nd4 51. Rb6 d2 52. Rb1 Kd3 53. a5 Kc2 54. Ra1 d1Q 55. Rxd1 Kxd1 56. Ke3 Nb5 57. Kd3 g5 58. a6 g4 59. Kc4 Kc2 60. Kc5 Kc3 61. Kxc6 Kc4 0-1

[Event "VIE-chT"]
[Site "Bac Giang"]
[Date "2020.06.06"]
[Round "1.12"]
[White "Le, Huu Thai"]
[Black "Dau, Khuong Duy"]
[Result "1/2-1/2"]
[WhiteElo "2237"]
[BlackElo "1552"]
[PlyCount "100"]
[EventDate "2020.06.06"]
[EventType "swiss"]
[EventRounds "9"]
[EventCountry "VIE"]
[SourceTitle "CBM 197 Extra"]
[Source "ChessBase"]
[SourceDate "2020.09.30"]
[SourceVersion "1"]
[SourceVersionDate "2020.09.30"]
[SourceQuality "1"]

1. d4 Nf6 2. c4 e6 3. g3 Be7 4. Bg2 0-0 5. e4 d6 6. Nc3 e5 7. Nge2 Nbd7 8. 0-0 b6 9. f4 Bb7 10. Bf3 Re8 11. d5 Bf8 12. f5 a5 13. Be3 h6 14. a3 Nh7 15. b4 Ng5 16. Bg2 Be7 17. Qd3 h5 18. Rfb1 Nh7 19. Bf3 h4 20. gxh4 Bxh4 21. Kh1 Ng5 22. Bd2 Kf8 23. Ng3 Nh3 24. Qf1 Nf4 25. Be3 Bf6 26. Nh5 Nxh5 27. Bxh5 Ke7 28. c5 Rh8 29. Be2 axb4 30. axb4 bxc5 31. bxc5 Rxa1 32. cxd6+ cxd6 33. Rxa1 Qc8 34. Rc1 Rh4 35. Nb5 Qh8 36. Qg2 Qa8 37. Rc7 Rxe4 38. Rxb7 Rxe3 39. Ra7 Qb8 40. Qg4 Qb6 41. Qc4 Rxe2 42. Qxe2 Qc5 43. Qd3 Qc1+ 44. Kg2 Qg5+ 45. Kf1 Qf4+ 46. Ke2 Qxh2+ 47. Kd1 Qg1+ 48. Kc2 Qc5+ 49. Kd1 Qg1+ 50. Kc2 Qc5+ 1/2-1/2